The scattered leaves of my life : (Record no. 56315)

MARC details
000 -LEADER
fixed length control field 00931nam a22002657a 4500
005 - DATE AND TIME OF LATEST TRANSACTION
control field 20110905145155.0
008 - FIXED-LENGTH DATA ELEMENTS--GENERAL INFORMATION
fixed length control field 110905t xxu||||| |||| 00| 0 eng d
010 ## - LCCN (DPL NO)
LC control number ENG-103621
020 ## - INTERNATIONAL STANDARD BOOK NUMBER
International Standard Book Number 8188965502
Terms of availability 500.00
035 ## - SYSTEM CONTROL NUMBER
System control number EN-87154
037 ## - SOURCE OF ACQUISITION
Source of stock number/acquisition DBAD/PUB
040 ## - CATALOGING SOURCE
Original cataloging agency DPL
Language of cataloging Eng
082 ## - DEWEY DECIMAL CLASSIFICATION NUMBER
Classification number 921
100 ## - MAIN ENTRY--PERSONAL NAME
9 (RLIN) 34250
245 ## - TITLE STATEMENT
Title The scattered leaves of my life :
Statement of responsibility, etc translated, edited and introduced by Sikata Banerjee
Remainder of title an Indian nationalist remembers : Saraladebi Chaudhurani /
260 ## - PUBLICATION, DISTRIBUTION, ETC. (IMPRINT)
Place of publication, distribution, etc New Delhi
Name of publisher, distributor, etc Women Unlimited
Date of publication, distribution, etc 2011
270 ## - ADDRESS
Address K-36, Haus Khas Enclave
City New Delhi
Postal code 110016
300 ## - PHYSICAL DESCRIPTION
Extent L,195p.
Dimensions 22cm (Hb)
500 ## - GENERAL NOTE
General note Includes bibliographical references
610 ## - SUBJECT ADDED ENTRY--CORPORATE NAME
9 (RLIN) 34253
650 ## - SUBJECT ADDED ENTRY--TOPICAL TERM
9 (RLIN) 34251
700 ## - ADDED ENTRY--PERSONAL NAME
9 (RLIN) 34258
Personal name Banerjee, Sikata
942 ## - ADDED ENTRY ELEMENTS (KOHA)
Source of classification or shelving scheme Dewey Decimal Classification
Item type English Books
Classification part 921
Call number suffix SAR
Holdings
Withdrawn status Lost status Source of classification or shelving scheme Damaged status Not for loan Collection code Home library Current library Date acquired Source of acquisition Cost, normal purchase price Total Checkouts Full call number Barcode Date last seen Copy number Cost, replacement price Koha item type
    Dewey Decimal Classification   Not For Loan Non-fiction D.B.Act.Division D.B.Act.Division 05/09/2011 DBAD/PUB 500.00   921 SAR EN-87154 05/09/2011 1 500.00 English Books

© Delhi Public Library
Hit Counter
free hit counter